Qué es la universidad : la clase académica /

Uloženo v:
Podrobná bibliografie
Hlavní autor: Guajardo Elizondo, Horacio (autor)
Médium: Kniha
Jazyk:španělština
Vydáno: Monterrey, México : Universidad de Monterrey, 2000, c2000
Tagy: Přidat tag
Žádné tagy, Buďte první, kdo vytvoří štítek k tomuto záznamu!

MARC

LEADER 00000nam^a2200000^a^4500
001 000588205
005 20250521000000.0
009 20260310132824.728
037 |a Acervo ITESO - Biblioteca 
041 |a ESP 
091 |a FCR. 00255 
100 |a Guajardo Elizondo, Horacio  |e (autor) 
245 1 0 |a Qué es la universidad :  |b la clase académica / 
264 4 |a Monterrey, México :  |b Universidad de Monterrey,  |c 2000, c2000 
300 |a 92 p. 
336 |a texto  |b txt  |2 rdacontenido 
337 |a sin mediación  |b n  |2 rdamedio 
338 |a volumen  |b nc  |2 rdasoporte 
649 |a XX 
910 |a Fondo Cristina Romo Gil 
920 |a Impresos - Libros 
930 |a Fondos Especiales 
905 |a 143 
901 |a 0900115516  |b IT2  |c ESP  |i D122353  |u 20250521 
902 |a https://opac.biblio.iteso.mx/vufind/Record/000588205